<?xml version="1.0" encoding="UTF-8"?><?xml-stylesheet type="text/xsl" href="static/style.xsl"?><OAI-PMH xmlns="http://www.openarchives.org/OAI/2.0/" xmlns:xsi="http://www.w3.org/2001/XMLSchema-instance" xsi:schemaLocation="http://www.openarchives.org/OAI/2.0/ http://www.openarchives.org/OAI/2.0/OAI-PMH.xsd"><responseDate>2026-06-07T07:41:31Z</responseDate><request verb="GetRecord" identifier="oai:riuma.uma.es:10630/10120" metadataPrefix="marc">https://riuma.uma.es/rest/oai/request</request><GetRecord><record><header><identifier>oai:riuma.uma.es:10630/10120</identifier><datestamp>2026-02-03T12:05:09Z</datestamp><setSpec>com_10630_2254</setSpec><setSpec>col_10630_37959</setSpec></header><metadata><record xmlns="http://www.loc.gov/MARC21/slim" xmlns:dcterms="http://purl.org/dc/terms/" xmlns:doc="http://www.lyncode.com/xoai" xmlns:xsi="http://www.w3.org/2001/XMLSchema-instance" xsi:schemaLocation="http://www.loc.gov/MARC21/slim http://www.loc.gov/standards/marcxml/schema/MARC21slim.xsd">
   <leader>00925njm 22002777a 4500</leader>
   <datafield ind2=" " ind1=" " tag="042">
      <subfield code="a">dc</subfield>
   </datafield>
   <datafield ind2=" " ind1=" " tag="720">
      <subfield code="a">Zabala, Haritz</subfield>
      <subfield code="e">author</subfield>
   </datafield>
   <datafield ind2=" " ind1=" " tag="720">
      <subfield code="a">Aretxabaleta, Laurentzi</subfield>
      <subfield code="e">author</subfield>
   </datafield>
   <datafield ind2=" " ind1=" " tag="720">
      <subfield code="a">Castillo-López, Germán</subfield>
      <subfield code="e">author</subfield>
   </datafield>
   <datafield ind2=" " ind1=" " tag="260">
      <subfield code="c">2015-07-22</subfield>
   </datafield>
   <datafield ind2=" " ind1=" " tag="520">
      <subfield code="a">La ligereza es uno de los criterios de diseño más importantes a considerar en la&#xd;
concepción de un componente para el sector transporte, en el que el peso de los&#xd;
vehículos influye directamente en su consumo y emisiones. El empleo de composites en&#xd;
automoción puede ser una solución, pero está sujeto en gran medida a su&#xd;
comportamiento frente a impacto siendo necesario conocer la influencia de la velocidad&#xd;
de deformación sobre sus propiedades mecánicas.&#xd;
La delaminación es uno de los modos de fallo más críticos ya que es el primer fallo que&#xd;
supone una pérdida de capacidad portante de la estructura, no es detectable visualmente&#xd;
y su evolución condiciona el posterior fallo catastrófico del material. Es común asumir&#xd;
que la delaminación de un composite crece en una combinación de los modos I y II,&#xd;
dominada por el modo I. En este trabajo se han llevado a cabo ensayos DCB en&#xd;
laminados de tejido equilibrado de fibra de carbono y resina epoxi, fabricados por&#xd;
infusión, analizado la influencia de la velocidad de carga sobre GIC en un rango de&#xd;
velocidades entre 8,3×10-5 y 0,190 m/s. Los resultados muestran que GIC decrece un&#xd;
18% al aumentar la velocidad de carga del ensayo.&#xd;
Se ha llevado a cabo un modelo numérico por elementos finitos analizando, entre otros,&#xd;
la influencia de parámetros tales como el tamaño de elemento y propiedades de la ley&#xd;
cohesiva a partir de las energías de fractura obtenidas para cada velocidad. Se han&#xd;
comparado las curvas fuerza y apertura de grieta en función del desplazamiento&#xd;
impuesto. Los resultados muestran una buena correlación, habiéndose obtenido un&#xd;
modelo capaz de predecir las tendencias experimentales observadas a diferentes&#xd;
velocidades de carga.</subfield>
   </datafield>
   <datafield ind1="8" ind2=" " tag="024">
      <subfield code="a">http://hdl.handle.net/10630/10120</subfield>
   </datafield>
   <datafield ind1="8" ind2=" " tag="024">
      <subfield code="a">http://orcid.org/0000-0002-8898-3376</subfield>
   </datafield>
   <datafield tag="653" ind2=" " ind1=" ">
      <subfield code="a">Materiales</subfield>
   </datafield>
   <datafield ind2="0" ind1="0" tag="245">
      <subfield code="a">Estudio numérico experimental de la influencia de la velocidad de carga en el comportamiento a fractura en modo I de laminados de fibra de carbono</subfield>
   </datafield>
</record>
</metadata></record></GetRecord></OAI-PMH>